Encyclopedia of education

Đã lưu trong:
書目詳細資料
格式: 圖書
語言:Undetermined
出版: Tōkyō 1972
主題:
標簽: 添加標簽
沒有標簽, 成為第一個標記此記錄!
Thư viện lưu trữ: Trung tâm Học liệu Trường Đại học Cần Thơ
LEADER 00426nam a2200157Ia 4500
001 CTU_236348
008 210402s9999 xx 000 0 und d
082 |a 370.3 
082 |b E56 
245 0 |a Encyclopedia of education 
260 |a Tōkyō 
260 |c 1972 
650 |a Education,Giáo dục 
650 |x Encyclopedias,Bách khoa thư 
910 |b dqhieu 
980 |a Trung tâm Học liệu Trường Đại học Cần Thơ